Macroeconomic: (Record no. 8683)

000 -LEADER
fixed length control field 00546nam a22001937a 4500
008 - FIXED-LENGTH DATA ELEMENTS--GENERAL INFORMATION
fixed length control field 170526b xxu||||| |||| 00| 0 eng d
020 ## - INTERNATIONAL STANDARD BOOK NUMBER
International Standard Book Number 978176710504(hbk.)
020 ## - INTERNATIONAL STANDARD BOOK NUMBER
International Standard Book Number 9788176710504(pbk.)
082 ## - DEWEY DECIMAL CLASSIFICATION NUMBER
Edition number 23
Classification number 330.184
Item number BRA
100 ## - MAIN ENTRY--PERSONAL NAME
Personal name Branson, William H.
245 ## - TITLE STATEMENT
Title Macroeconomic:
Remainder of title theory and policy
250 ## - EDITION STATEMENT
Edition statement 3rd ed.
260 ## - PUBLICATION, DISTRIBUTION, ETC. (IMPRINT)
Place of publication, distribution, etc. New Delhi
Name of publisher, distributor, etc. Affiliated East-West Press Pvt. Ltd.
Date of publication, distribution, etc. 2005
300 ## - PHYSICAL DESCRIPTION
Extent xv,656p.;
Dimensions 24cm.
500 ## - GENERAL NOTE
General note Includes index.
650 ## - SUBJECT ADDED ENTRY--TOPICAL TERM
Source of heading or term Economics
Topical term or geographic name as entry element Economics
653 ## - INDEX TERM--UNCONTROLLED
Uncontrolled term Macroeconomic
942 ## - ADDED ENTRY ELEMENTS (KOHA)
Source of classification or shelving scheme
Koha item type Books
Holdings
Withdrawn status Lost status Source of classification or shelving scheme Materials specified (bound volume or other part) Damaged status Not for loan Collection code Permanent location Current location Shelving location Date acquired Coded location qualifier Cost, normal purchase price Full call number Barcode Date last seen Price effective from Koha item type Total Checkouts Date last checked out
      HB     Economics Section Maulana Azad Central Library Maulana Azad Central Library General Stacks 2017-05-26 ECO 395.00 330.184 BRA 13322 2017-05-26 2017-05-26 Books    
      PB     Economics Section Maulana Azad Central Library Maulana Azad Central Library General Stacks 2017-05-26 ECO 395.00 330.184 BRA 6576 2019-01-23 2017-05-26 Books 2 2018-11-21

Copyright @ USTM
Techno City, Kiling Road, Baridua, 9th Mile,
Ri-Bhoi, Meghalaya-793101

Powered by Koha